,,Skinek vagy részvények?" CS2 Befektetési piac a 21. századi portfólióban

Bibliográfiai részletek
Szerző: Molnár Ádám
További közreműködők: Dobó Dr. Róbert
Dokumentumtípus: Projektmunka
Kulcsszavak:21. század
befektetés
digitális gazdaság
játékospiac
részvények
Online Access:http://dolgozattar.uni-bge.hu/60306

MARC

LEADER 00000nnm a2200000 i 4500
001 dolg60306
005 20260409150301.0
008 260409suuuu hu o 000 hun d
040 |a BGE Dolgozattár Repozitórium  |b hun 
041 |a hu 
100 1 |a Molnár Ádám 
245 1 0 |a ,,Skinek vagy részvények?" CS2 Befektetési piac a 21. századi portfólióban  |c Molnár Ádám  |h [elektronikus dokumentum] 
516 |a Project_work 
520 3 |a A projetmunka a Counter-Strike 2 (CS2) skinpiacának befektetési lehetőségeit vizsgálja gazdasági, elméleti és empirikus megközelítésben. A digitális eszközök térnyerésével a skinek a szórakozáson túl befektetési értéket is képviselnek. A dolgozat bemutatja a hozam–kockázat–likviditás hármasát, valamint a viselkedési pénzügyek és portfólióelmélet relevanciáját a skinpiacra vetítve. Az empirikus elemzés öt ritka skin árfolyamát vizsgálja 2020–2025 között, kimutatva jelentős értéknövekedést és magas piaci korrelációt. Következtetésként a skinpiac potenciális, ám kockázatos alternatív befektetési formaként értelmezhető. 
695 |a 21. század 
695 |a befektetés 
695 |a digitális gazdaság 
695 |a játékospiac 
695 |a részvények 
700 1 |a Dobó Dr. Róbert  |e ths 
856 4 0 |u http://dolgozattar.uni-bge.hu/60306/1/Moln%C3%A1r%20%C3%81d%C3%A1m%20Skinek%20vagy%20r%C3%A9szv%C3%A9nyek.docx.pdf  |z Dokumentum-elérés 
856 4 0 |u http://dolgozattar.uni-bge.hu/60306/2/KM%20FOSZK%20b%C3%ADr%C3%A1lati%20lap%20Moln%C3%A1r%20%C3%81d%C3%A1m%20DR.pdf  |z Dokumentum-elérés